| 000 | 00000nas 2200000za 4500 |
| 001 | 9.840745 |
| 003 | CaOODSP |
| 005 | 20221107151923 |
| 007 | cr ||||||||||| |
| 008 | 170731d20082010oncar p o f0###b0fre|d |
| 040 | |aCaOODSP|bfre |
| 043 | |an-cn--- |
| 086 | 1 |aCC261-2F-PDF |
| 110 | 2 |aCentre national des arts (Canada) |
| 245 | 10|aRapport annuel sur l'application de la Loi sur l'accès à l'information |h[ressource électronique] / |cCentre national des arts. |
| 260 | |a[Ottawa] : |bCentre national des arts, |c[2008-2010] |
| 310 | |aAnnuel |
| 362 | 1 |aParaît depuis 2007/2008; ne paraît plus après 2009/2010. |
| 500 | |aPubli. aussi en anglais sous le titre : Annual report on the administration of the Access to Information Act. |
| 500 | |aTitre de la couv. |
| 692 | 07|2gccst|aAccès à l'information |
| 775 | 08|tAnnual report on the administration of the Access to Information Act |w(CaOODSP)9.840733 |
| 785 | 00|tRapport annuel sur l'application de la Loi sur l'accès à l'information et de la Loi sur la protection des renseignements personnels |w(CaOODSP)9.841184 |